000 00798cab a2200265 4500
001 WB2915-56
008 090401t1993 xxu||||| |||| 00| 0 eng d
035 _a(Sirsi) u6177
041 _aeng
245 _aOpposition to Institution changes
260 _c1993
350 _a0
490 _aBuilding
_v258(7791) 23 April 1993, 12(1)
520 _aA partner of Gardiner & Theobald criticises the proposed changes to the structure of the RICS, saying that they would alienate major surveying practices.
650 _aCOATES M.
650 _aCONSTITUTION
650 _aDIVISIONS
650 _aGREEN PAPER
650 _aQUANTITY SURVEYORS
650 _aREACTION
650 _aRICS
690 _aMANAGEMENT-BUSINESS MANAGEMENT-PROFESSIONAL PRACTICE
942 _n0
948 _c04/03/1997
999 _c3708
_d3708